Systémově v podnikání Česká manažerská škola.
Guardado en:
| Autor principal: | |
|---|---|
| Formato: | Libro |
| Lenguaje: | checo |
| Publicado: |
Praha
Prospektrum
1993
|
| Materias: | |
| Acceso en línea: | Ver en el OPAC |
| Etiquetas: |
Sin Etiquetas, Sea el primero en etiquetar este registro!
|
MARC
| LEADER | 00000nam a2200000 a 4500 | ||
|---|---|---|---|
| 005 | 20260127134413.0 | ||
| 008 | 081115s1993 xo cze d | ||
| 020 | |a 8085431440 (brož.) |c 135.00 | ||
| 035 | |a vtls009365427 | ||
| 035 | |a SLLK4319 | ||
| 039 | 9 | |a 200902111026 |b mschk03 |y 200811150004 |z VLOAD | |
| 040 | |a SLLK |b slo |c SLLK |d STUSCHK1 | ||
| 041 | 0 | |a cze | |
| 080 | |a 65.012.4 | ||
| 080 | |a 658.114.017.3 | ||
| 100 | 1 | |a Kočí, Jaroslav | |
| 245 | 1 | |a Systémově v podnikání |b Česká manažerská škola. |c Jaroslav Kočí | |
| 260 | |a Praha |b Prospektrum |c 1993 | ||
| 300 | |a 117 s. brož. | ||
| 650 | 0 | 7 | |a podnikanie |2 SLLK |
| 650 | 0 | 7 | |a podnikový manažment |2 SLLK |
| 910 | |a sllk | ||
| 910 | |a SCHK95 | ||
| 919 | |a 80-85431-44-0 | ||
| 999 | |c 11921 |d 11921 | ||